Rozpoznaj kraj/terytorium po pokryciu Google Street View - Statystyki

Ogólne statystyki
  • Ten quiz został rozwiązany 30 razy
  • Średni wynik to 12 z 53
Statystyki odpowiedzi
Obrazkowy Odpowiedź % Poprawnych
Islandia
82%
Luksemburg
79%
Korea Południowa
75%
Czarnogóra
61%
Senegal
57%
Urugwaj
56%
Panama
50%
San Marino
48%
Singapur
46%
Albania
43%
Ghana
43%
Kambodża
42%
Ekwador
39%
Portoryko
39%
Bermudy
33%
Wyspy Owcze
30%
Katar
29%
Curaçao
27%
Dominikana
26%
Hong Kong
26%
Makau
25%
Serbia
22%
Tunezja
21%
Irak
18%
Kenia
18%
Mongolia
18%
Nigeria
18%
Grenlandia
16%
Botswana
15%
Kirgistan
15%
Lesotho
15%
Réunion
14%
Madagaskar
12%
Guam
11%
Jordania
11%
Kolumbia
11%
Zjednoczone Emiraty Arabskie
11%
Eswatini
7%
Gwatemala
7%
Mariany Północne
7%
Rwanda
7%
Andora
4%
Boliwia
4%
Kostaryka
4%
Liban
4%
Macedonia Północna
4%
Martynika
4%
Uganda
4%
Egipt
0%
Nepal
0%
Pakistan
0%
Saint-Pierre i Miquelon
0%
Svalbard
0%
Tanzania
0%
Nie znaleziono quizów pasujących do podanych kryteriów
Rozkład punktacji
Procent ludzi z każdym wynikiem
Percentyl według liczby udzielonych odpowiedzi
Twoja historia wyników
Nie rozwiązałeś tego quizu